Tilastot visalle Sanat - "Enkeleitä toisillemme" - Jope Ruonansuu

Klikkaa tästä pelataksesi tätä visaa!

Yleistilastot

  • Tätä visaa on pelattu 44 kertaa
  • Keskiarvotulos 82 / 126

Vastaustilastot

Vastaus% Oikein
enkeleitä
94%
toisillemme
94%
olla
90%
Ollaanko
90%
90%
jos
87%
pään
81%
päin
81%
saan
81%
huonompi
77%
ihminen
77%
kai
77%
oomme
77%
painaa
77%
siipiesi
77%
suojaan
77%
Toinen
77%
toistaan
77%
saanko
74%
kaipaa
71%
kuppilaan
71%
savuiseen
71%
kestämään
68%
kuitenkin
68%
rakkautemme
68%
saamme
68%
sinut
68%
suruinesi
68%
tulit
68%
kyyneleitä
65%
näin
65%
rakkautta
65%
silmissäs
65%
toisestansa
65%
joku
61%
katsoi
61%
löytää
61%
meitä
61%
miltei
61%
sielumme
61%
syntinen
61%
ylhäältä
61%
enkelin
58%
ikuisesti
58%
pitää
58%
silloin
58%
huoliamme
55%
särkynyt
55%
enää
52%
hukuttamaan
52%
jäimme
52%
melkein
52%
muuta
52%
yhdessä
48%
emme
45%
jossakin
45%
kaipaisikaan
45%
kaukana
45%
Vaikka
45%
loukkasin
42%
menetin
42%
Minä
42%
palaan
42%
rakkahin
42%
sinua
42%
syliini
42%
tyhmyyttäni
39%
varmasti
39%
voin
39%
kerran
35%
mutta
35%
nyt
35%
tahtoisin
35%
muistoihin
32%
painaisin
32%
pyytää
32%
vaivuin
32%
viimeinkin
32%
anteeksi
29%
hetkeksi
29%
rakkaani
29%
sulta
29%
sitä
26%

Tulosjakauma

Persentiili vastausten määrän mukaan

Jokaisen tuloksen saaneiden osuus

Tuloshistoriasi

Et ole pelannut tätä visaa